| 000 | 00475nam a22001811a 4500 | ||
|---|---|---|---|
| 001 | 6797 | ||
| 003 | OSt | ||
| 005 | 20260204212104.0 | ||
| 008 | 060724s1997||||dr ||||||b||||||||||spa|| | ||
| 050 | _aRD 324.07 R299l | ||
| 110 | _aRepública Dominicana | ||
| 245 | _aLey electoral no. 275-97: del 21 de diciembre | ||
| 264 | _aSanto Domingo : Congreso Nacional | ||
| 300 | _a78 p | ||
| 500 | _aDonado | ||
| 650 | _a1.Elecciones - Derecho 2.Ley ElectoralÌ | ||
| 942 |
_2ddc _cBK |
||
| 999 |
_c6797 _d6797 |
||